Introducción a la economía política y a la legislación económica y laboral argentina /mario alberto cichero

Guardado en:
Autor Principal: Cichero, Mario Alberto
Formato: Libro
Publicado: Buenos Aires : El Ateneo, 1975
Materias:
Etiquetas: Agregar Etiqueta
Sin Etiquetas, Sea el primero en etiquetar este registro!
LEADER 00660nam a22001815a 4500
001 CEM.cems001691
005 20060214000000.0
008 130507s1975##################000#0#####d
003 CEMS
082 0 4 |a 330 
100 1 |a Cichero, Mario Alberto 
245 1 0 |a Introducción a la economía política y a la legislación económica y laboral argentina /mario alberto cichero 
260 |a Buenos Aires :  |b El Ateneo,  |c 1975 
300 |a 652 p. 
653 |a Economia 
859 |a CEMS  |b BIB. CEMS - 11 de abril  |h 330  |i C485-2  |p 6655.79  |t Ej.1 
859 |a CEMS  |b BIB. CEMS - 11 de abril  |h 330  |i C485-2  |p 6656.79  |t Ej.2 
859 |a CEMS  |b BIB. CEMS - 11 de abril  |h 330  |i C485-2  |p 9314.81  |t Ej.3